000 01061cam a2200301 4500
001 M2024
008 090401t1994 xxu||||| |||| 00| 0 eng d
035 _a(Sirsi) u96276
041 _aeng
110 _aRoyal Institution of Chartered Surveyors
_94900
245 _aNon-domestic rates : 1995 revaluation : central rating lists and the prescription of rateable values.
260 _aLondon
_bRICS
_c1994
300 _a2p. ; 30cm.
350 _a4
490 _aRICS Memorandum
_vGCPPA/Report(94)20
520 _aJoint response to the consultation paper issued by the Department of the Environment on Central lists for the 1995 Revaluation.
650 _aCENTRAL RATING LISTS
650 _aEXCEPTED HEREDITAMENTS
650 _aNON-DOMESTIC RATES
650 _aPRESCRIBED ASSESSMENTS
650 _aRATEABLE VALUES
650 _aRATING REVALUATION 1995
690 _aRATING AND VALUATION
710 _aRating Surveyors' Association
_92328
710 _aIncorporated Society of Valuers and Auctioneers
_91201
942 _n0
948 _c04/03/1997
999 _c98603
_d98603